| 000 | 00428pab a2200157 454500 | ||
|---|---|---|---|
| 008 | 180718b2008 xxu||||| |||| 00| 0 eng d | ||
| 100 | _aPaterson, Lindsay | ||
| 245 | _aPolitical attitudes, social participation and social mobility: a longitudinal analysis | ||
| 260 | _c2008 | ||
| 300 | _ap.413-34. | ||
| 362 | _aSep | ||
| 650 | _aSocial mobility | ||
| 773 | _aBritish Journal of Sociology | ||
| 908 | _aN | ||
| 909 | _a82236 | ||
| 999 |
_c82236 _d82236 |
||